Indian oetry in english (Record no. 4401)

MARC details
000 -LEADER
fixed length control field 00494cam a2200181ua 4500
001 - CONTROL NUMBER
control field 5223
005 - DATE AND TIME OF LATEST TRANSACTION
control field 20260515113841.0
008 - FIXED-LENGTH DATA ELEMENTS--GENERAL INFORMATION
fixed length control field 120303n ii |||gr||||Z||||||eng
020 ## - INTERNATIONAL STANDARD BOOK NUMBER
International Standard Book Number 81-207-0007-4
040 ## - CATALOGING SOURCE
Transcribing agency MAIN
100 1# - MAIN ENTRY--PERSONAL NAME
Personal name Prasad, Hari Mohan,
Relator term Editor,
245 11 - TITLE STATEMENT
Title Indian oetry in english
Statement of responsibility, etc. by Hari Mohan Prasad
250 ## - EDITION STATEMENT
Edition statement 1st.
260 ## - PUBLICATION, DISTRIBUTION, ETC.
Place of publication, distribution, etc. New Delhi:
Name of publisher, distributor, etc. Sterling publishers pvt. ltd.,
Date of publication, distribution, etc. 2001.
300 ## - PHYSICAL DESCRIPTION
Extent 114p:
Dimensions 23cm.
700 1# - ADDED ENTRY--PERSONAL NAME
Personal name Singh, Chakradhar Prasad,
Relator term Editor,
942 ## - ADDED ENTRY ELEMENTS (KOHA)
Koha item type Books
Holdings
Withdrawn status Lost status Damaged status Not for loan Home library Current library Shelving location Date acquired Total checkouts Full call number Barcode Date last seen Copy number Price effective from Koha item type
        Naharkatiya College Library Naharkatiya College Library General stacks 09/19/2020   IND 5230 09/19/2020 2 09/19/2020 Books
        Naharkatiya College Library Naharkatiya College Library General stacks 09/19/2020   IND 5231 09/19/2020 1 09/19/2020 Books